000 00538nam a2200181Ii 4500
003 JO-AjNU
008 230605s9999||||xx |||||||||||||| ||und||
040 _aJO-AjNU
_bara
_erda
_cJO-AjNU
041 _aara
050 1 4 _aQB500
100 3 _aهداره ، سيد رمضان,
_eauthor
_920731
245 0 0 _aالكون ذره وحركه
264 3 1 _aبغداد : المكتبه العالميه ، 1900
300 _a206ص
336 _atext
_btxt
_2rdacontent
337 _aunmediated
_bn
_2rdamedia
338 _avolume
_bnc
_2rdacarrier
999 _aA7081
_c10649
_d10649